000
00327nam a22001457a 4500
005
20170401153617.0
008
170401b xxu||||| |||| 00| 0 eng d
041
_a
eng
100
_a
KAKU,L.C
_9
3781
245
_a
FIRES IN COAL MINING
260
_b
ORIENTAL PUBLISHER
300
_a
140
650
_a
MINNING
_9
3782
942
_c
BK
999
_c
5390
_d
5388